Normal view
MARC view
- المسكوكات الاسلامية - النقود الاسلامية
Entry Topical Term
001 - CONTROL NUMBER
- control field: 47790
003 - CONTROL NUMBER IDENTIFIER
- control field: JO-AjAnu
005 - DATE AND TIME OF LATEST TRANSACTION
- control field: 20230606081903.0
008 - FIXED-LENGTH DATA ELEMENTS
- fixed length control field: 230606|| aca||aabn | a|a d
040 ## - CATALOGING SOURCE
- Original cataloging agency: JO-AjAnu
- Transcribing agency: JO-AjAnu
150 ## - HEADING--TOPICAL TERM
- Topical term or geographic name entry element: المسكوكات الاسلامية - النقود الاسلامية
670 ## - SOURCE DATA FOUND
- Source citation: Work cat.: (JO-AjAnu)24454: القسوس، نايف جورج؛ الزيود، حسن عابد م.مشارك، نغوي، عايدة"محمد امين" م.مشارك, author 47789, المسكوكات الاسلامية غير المنشورة والنادرة